000 00446nam a2200181Ia 4500
005 20240620110821.0
008 131103s9999 xx 000 0 und d
040 _aLoreto College
041 _aEnglish
082 _a745
_bNAK
100 _aNakata, Atsuko
245 _aChritmas Origami 2
_b party decorations
_cAtsuko Nakata
260 _aJapan
_bFroebel-kan
_c[19?]
300 _a pic.
650 _aCraft
850 _aLCBED
942 _cBK
999 _c29794
_d80273